| 000 | 01263cam a22003134a 4500 | ||
|---|---|---|---|
| 001 | 13163043 | ||
| 003 | NUST - PNEC | ||
| 005 | 20170116181057.0 | ||
| 008 | 030415s2003 nyua b 001 0 eng | ||
| 010 | _a 2003050495 | ||
| 020 | _a0387400702 (alk. paper) | ||
| 040 |
_aDLC _cLIBRARY _dDLC |
||
| 042 | _apcc | ||
| 050 | 0 | 0 |
_aQA402.3 _b.H85 2003 |
| 082 | 0 | 0 |
_a629.8312 HUL _221 |
| 100 | 1 | _aHull, David G. | |
| 245 | 1 | 0 |
_aOptimal control theory for applications / _cDavid G. Hull. |
| 260 |
_aNew York : _bSpringer, _cc2003. |
||
| 300 |
_axix, 381 p. : _bill. ; _c25 cm. |
||
| 490 | 1 | _aMechanical engineering series | |
| 504 | _aIncludes bibliographical references (p. [373]-376) and index. | ||
| 650 |
_912098 _bMS Control _xMScon |
||
| 830 | 0 | _aMechanical engineering series (Berlin, Germany) | |
| 856 | 4 | 2 |
_3Publisher description _uhttp://www.loc.gov/catdir/enhancements/fy0817/2003050495-d.html |
| 856 | 4 | 1 |
_3Table of contents only _uhttp://www.loc.gov/catdir/enhancements/fy0817/2003050495-t.html |
| 906 |
_a7 _bcbc _corignew _d1 _eocip _f20 _gy-gencatlg |
||
| 942 |
_2ddc _cBK |
||
| 999 |
_c68582 _d68582 |
||